000 00542nam a22001937a 4500
999 _c7508
_d7508
003 OSt
005 20211122123158.0
008 211122b ||||| |||| 00| 0 eng d
020 _a1861971125
040 _cDDC
082 _a595.7INS1995
100 _aWood, Robin;
_915374
245 _aManaging Complexity
_bHow Business Can Adapt And Prosper In The connected economy
_cWood, Robin;
260 _aHatton Garden
_bProfile Books Ltd
_c2000
300 _ax,310p;
_bill,
_c21cm
504 _aIndex
650 _2Economics
942 _2ddc
_cO_SHELF